000 01775nam a22001577a 4500
999 _c518449
_d518449
008 210924b ||||| |||| 00| 0 eng d
100 _aResch, B., Hoyer, P. and Steyaert, C.
_929485
245 _aAffective control in new collaborative work: Communal fantasies of purpose, growth and belonging
260 _aOrganization Studies
300 _a42(5), May, 2021: p.787-809
520 _aWe examine the increasing popularity of collaborative work to understand the consequences of these practices for organizational control. Applying a Lacanian framework, we pay attention to how this (re-)emerging trend of collaborative work is underpinned by affect-laden fantasies of community-driven co-creation. Based on a multi-source study design to explore collaborative work, we identified three interrelated fantasies that arouse passionate attachments to collaborative community involvement: a spiritual fantasy of ‘purpose’, an entrepreneurial fantasy of ‘growth’ and a tribal fantasy of ‘belonging’. To preserve the relevance of Lacan’s thought for the inquiry of distributed, post-heroic and post-hierarchical work practice, we propose the notion of ‘communal Other’. This notion provides insights into the unfolding of control through the fantasmatic desire for wholeness by working in collaborative communities. Conceptually, we theorize how tensions between the paradoxical enjoyment of pleasure and pain – what Lacan called ‘jouissance’ – highlight the central importance of affective control in collaborative work. – Reproduced
650 _aAffective control, Collaborative work, Community, fantasy, Jouissance, Lacan, Paradoxical tension
_927624
773 _aOrganization Studies
906 _aINSTITUTIONAL MANAGEMENT
942 _cAR